UM Logo

Motivational teaching strategies of english teachers in UMDC / (Record no. 12324)

MARC details
000 -LEADER
fixed length control field 00629nam a22001697a 4500
008 - FIXED-LENGTH DATA ELEMENTS--GENERAL INFORMATION
fixed length control field 190122b ||||| |||| 00| 0 eng d
082 ## - DEWEY DECIMAL CLASSIFICATION NUMBER
Edition number 2018
Classification number UT 1154
Item number N79
100 ## - MAIN ENTRY--PERSONAL NAME
Personal name Nomio, Crismarie A.
9 (RLIN) 34816
245 ## - TITLE STATEMENT
Title Motivational teaching strategies of english teachers in UMDC /
Statement of responsibility, etc. Crismarie A. Nomio, Emma Pil V. Zuñiga, and Racilyn D. Llaga
260 ## - PUBLICATION, DISTRIBUTION, ETC. (IMPRINT)
Place of publication, distribution, etc. Digos City:
Name of publisher, distributor, etc. UMDC
Date of publication, distribution, etc. November 2018.
300 ## - PHYSICAL DESCRIPTION
Extent 58 pages;
Dimensions 30 cm.
650 ## - SUBJECT ADDED ENTRY--TOPICAL TERM
Topical term or geographic name as entry element Education
Form subdivision English
General subdivision Undergraduate thesis.
9 (RLIN) 34817
700 ## - ADDED ENTRY--PERSONAL NAME
Personal name Nomio, Crismarie A.
9 (RLIN) 34816
700 ## - ADDED ENTRY--PERSONAL NAME
Personal name Zuñiga, Emma Pil V.
9 (RLIN) 34818
700 ## - ADDED ENTRY--PERSONAL NAME
Personal name Llaga, Racilyn D.
9 (RLIN) 34819
942 ## - ADDED ENTRY ELEMENTS (KOHA)
Source of classification or shelving scheme Dewey Decimal Classification
Koha item type Undergraduate Thesis
Holdings
Withdrawn status Lost status Source of classification or shelving scheme Damaged status Not for loan Home library Current library Date acquired Total Checkouts Full call number Barcode Date last seen Price effective from Koha item type
    Dewey Decimal Classification     UM Digos College - LIC UM Digos College - LIC 01/15/2019   UT 1154 N79 2018 UT1154 01/22/2019 01/22/2019 Undergraduate Thesis